Normal view
MARC view
- Lakshminarayanan K.R
Entry Personal Name
001 - CONTROL NUMBER
- control field: 203802
003 - CONTROL NUMBER IDENTIFIER
- control field: OSt
005 - DATE AND TIME OF LATEST TRANSACTION
- control field: 20230719125536.0
008 - FIXED-LENGTH DATA ELEMENTS
- fixed length control field: 230719|| aca||aabn | a|a d
040 ## - CATALOGING SOURCE
- Original cataloging agency: OSt
- Transcribing agency: OSt
100 ## - HEADING--PERSONAL NAME
- Personal name: Lakshminarayanan K.R
670 ## - SOURCE DATA FOUND
- Source citation: Work cat.: (OSt)354293: Lakshminarayanan K.R., Advanced English Communication Skills Lab, 2009